Bologna FC Squad 2015-2016 - Statistics

General Stats
  • This quiz has been taken 16 times
  • The average score is 18 of 36
Answer Stats
# Position Nation Player % Correct
1 GK Brazil Angelo da Costa
100%
20 DF Italy Domenico Maietta
92%
25 DF Morocco Adam Masina
83%
26 FW France Anthony Mounier
83%
5 MF Chile Erick Pulgar
83%
30 MF Ghana Godfred Donsah
83%
15 DF Senegal Ibrahima Mbaye
83%
- Coach Italy Roberto Donadoni
83%
8 MF Algeria Saphir Taïder
83%
21 MF Guinea Amadou Diawara
75%
2 DF Greece Marios Oikonomou
75%
10 FW Italy Mattia Destro
75%
28 DF Italy Daniele Gastaldello
67%
4 DF Sweden Emil Krafth
67%
17 FW Italy Emanuele Giaccherini
58%
23 MF Italy Franco Brienza
58%
83 GK Italy Antonio Mirante
50%
3 DF Italy Archimede Morleo
50%
11 DF Colombia Camilo Zúñiga
50%
99 FW Italy Sergio Floccari
50%
- Coach Italy Delio Rossi
42%
22 MF Italy Luca Rizzo
42%
14 MF Argentina Franco Zuculini
33%
6 MF Italy Lorenzo Crisetig
33%
33 MF Italy Matteo Brighi
33%
32 GK Austria Dejan Stojanović
25%
7 FW Italy Filippo Falco
25%
19 DF Guinea Kévin Constant
25%
11 FW Italy Matteo Mancosu
25%
24 DF Italy Alex Ferrari
17%
13 DF Italy Luca Rossettini
17%
16 MF Slovenia Marko Krivičić
17%
18 FW Italy Robert Acquafresca
17%
29 FW Italy Antonio Calabrese
8%
77 DF Italy Luca Ceccarelli
8%
90 MF Italy Marco Crimi
8%
No matching quizzes found
Score Distribution
Percent of People with Each Score
Percentile by Number Answered
Your Score History
You have not taken this quiz